<?xml version="1.0" encoding="UTF-8"?>
<record
    xmlns:xsi="http://www.w3.org/2001/XMLSchema-instance"
    xsi:schemaLocation="http://www.loc.gov/MARC21/slim http://www.loc.gov/standards/marcxml/schema/MARC21slim.xsd"
    xmlns="http://www.loc.gov/MARC21/slim">

  <leader>00338    a2200109   4500</leader>
  <controlfield tag="001">ART_25988</controlfield>
  <controlfield tag="005">20260410161727.0</controlfield>
  <controlfield tag="008">260409a                                 </controlfield>
  <datafield tag="245" ind1="1" ind2="0">
    <subfield code="a">Optimizaci&#xF3;n de la relaci&#xF3;n producto mercado</subfield>
  </datafield>
  <datafield tag="100" ind1="1" ind2=" ">
    <subfield code="a">Levy, Alberto R.</subfield>
  </datafield>
  <datafield tag="773" ind1="0" ind2=" ">
    <subfield code="t">Administraci&#xF3;n de empresas</subfield>
    <subfield code="g">- A&#xF1;o 6, N&#xBA; 70 (ene. 1976)</subfield>
    <subfield code="w">REV2036</subfield>
  </datafield>
  <datafield tag="999" ind1=" " ind2=" ">
    <subfield code="c">17525</subfield>
    <subfield code="d">17525</subfield>
  </datafield>
</record>
